000
00240nam a2200097Ia 4500
001
928502
005
20250826191637.0
008
250824s9999 xx 000 0 und d
245
0
_a
CESUR OL/Ö2
_c
POPPY O'NEİLL
260
_b
HEP KİTAP YAYINEVİ
999
_c
928502
_d
928502